| Tag |
First Indicator |
Second Indicator |
Subfields |
| LEADER |
00000cam a22000001a 4500 |
| 001 |
in00003051645 |
| 005 |
20190402183542.0 |
| 006 |
m o d |
| 007 |
cr un mmmapmmp |
| 008 |
070626s1912 dcud o f000 0 eng d |
| 035 |
|
|
|a cis2004139659
|
| 040 |
|
|
|a UMI
|c UMI
|d UtOrBLW
|
| 043 |
|
|
|a n-us---
|
| 099 |
|
|
|a ProQuest Serial Set Number 6178 S.doc.762
|
| 110 |
1 |
|
|a United States.
|b Congress.
|b Senate.
|b Committee on Public Lands.
|
| 245 |
1 |
0 |
|a Work of the Bureau of Mines in States west of the Mississippi River. Letter from the Secretary of the Interior, transmitting in response to Senate resolution of March 25, 1912, information relative to the work of the Bureau of Mines for the Metal-Mining Industries in States west of the Mississippi River.
|
| 246 |
1 |
|
|a Work of Mines Bureau in States west of Mississippi River
|
| 264 |
|
1 |
|a Washington :
|b [publisher not identified],
|c 1912.
|
| 300 |
|
|
|a 1 online resource.
|
| 336 |
|
|
|a text
|b txt
|2 rdacontent
|
| 337 |
|
|
|a computer
|b c
|2 rdamedia
|
| 338 |
|
|
|a online resource
|b cr
|2 rdacarrier
|
| 490 |
0 |
|
|a S.doc.762
|
| 500 |
|
|
|a Record is based on bibliographic data in ProQuest U.S. Serial Set Digital Collection (last viewed June 2007). Reuse except for individual research requires license from ProQuest, LLC.
|
| 510 |
3 |
|
|a ProQuest U.S. Serial Set Digital Collection
|
| 500 |
|
|
|a Electronic resource.
|
| 650 |
|
0 |
|a Expenditures, Public.
|
| 650 |
|
0 |
|a Mines and mineral resources.
|
| 650 |
|
0 |
|a Public lands.
|
| 655 |
|
7 |
|a Electronic books.
|2 local
|
| 710 |
2 |
|
|a ProQuest (Firm)
|
| 710 |
1 |
|
|a United States.
|b Department of the Interior.
|
| 830 |
|
0 |
|a United States congressional serial set.
|
| 856 |
4 |
0 |
|u http://proxy.library.tamu.edu/login?url=http://congressional.proquest.com/congcomp/getdoc?SERIAL-SET-ID=6178+S.doc.762
|z Connect to the full text of this electronic book
|t 0
|
| 999 |
|
|
|a MARS
|
| 999 |
f |
f |
|s dc2ed407-933e-3074-9efa-12af211def5f
|i 2fae0afe-1233-30cb-86fb-038a7c312761
|t 0
|
| 952 |
f |
f |
|a Texas A&M University
|b College Station
|c Electronic Resources
|d Available Online
|t 0
|e ProQuest Serial Set Number 6178 S.doc.762
|h Other scheme
|
| 998 |
f |
f |
|a ProQuest Serial Set Number 6178 S.doc.762
|t 0
|l Available Online
|